|
|
|
|
| LEADER |
00000nab a2200000 a 4500 |
| 001 |
vtls001010355 |
| 003 |
SK-MaSNL |
| 005 |
20260318123511.0 |
| 008 |
040720e20020530xo 0 hun |
| 035 |
|
|
|a RV10955
|
| 040 |
|
|
|a RVGKPD
|b slo
|c RVGKPD
|e AACR2
|
| 041 |
0 |
|
|a slo
|
| 044 |
|
|
|a xo
|c SK
|
| 080 |
|
|
|a 622
|2 1981
|
| 080 |
|
|
|a 069
|2 1981
|
| 100 |
0 |
|
|a (trik)
|4 aut
|9 916247
|
| 245 |
1 |
0 |
|a Bányászati skanzen
|b miniszteri segítséggel
|
| 500 |
|
|
|a založenie
|
| 650 |
0 |
7 |
|a baníctvo
|2 RVGKPD
|9 3571
|
| 650 |
0 |
7 |
|a banské skanzeny
|2 RVGKPD
|9 58853
|
| 651 |
|
7 |
|a Rožňava (Slovensko)
|2 RVGKPD
|9 17394
|
| 655 |
|
7 |
|a periodikum
|2 snkbucl
|9 29553
|
| 773 |
0 |
8 |
|t Új Szó
|g Roč. 55, č.124, 30.5.2002, s. 4
|
| 852 |
|
|
|a ZVYKNI
|b KIS3GCP
|
| 999 |
|
|
|c 2640879
|d 2642809
|